000 00363nam a2200157Ia 4500
001 17224
003 IN-NITTTR
005 20251114233203.0
008 251113s9999||||xx |||||||||||||| ||eng||
040 _beng
040 _cIN-NITTTR
041 _aeng
082 _a344.01 I2
245 4 _aThe Indian Trade Unions Act :
_b Act no. xvi of 1826 /
942 _2ddc
_cBK
999 _c19858
_d19858